Every NCAA Division I School in Georgia - Statistics

General Stats
  • This quiz has been taken 47 times
    21 since last reset
  • The average score is 5 of 7
Answer Stats
Answer Conference % Correct
Georgia SEC
100%
Georgia Tech ACC
92%
Georgia State Sun Belt
85%
Georgia Southern Sun Belt
69%
Kennesaw State CUSA
54%
Mercer SoCon
54%
West Georgia ASUN
54%
No matching quizzes found
Score Distribution
Percent of People with Each Score
Percentile by Number Answered
Your Score History
You have not taken this quiz since the last reset